Score 0/28 Timer 06:00
0 Plays Today
% Correct
Batman
89%
Buffy the Vampire Slayer
88.4%
Baywatch Nights
87.8%
Blossom
83.3%
The Brady Bunch
81.4%
Boston Legal
80.3%
Bewitched
78.8%
Bosom Buddies
76.2%
Boardwalk Empire
73.7%
Brothers & Sisters
69.7%
Bonanza
67%
Brotherly Love
66.9%
Barney Miller
65.8%
The Beverly Hillbillies
64.7%
% Correct
Baretta
61.5%
Beavis and Butt-head
59.3%
The Bob Newhart Show
59%
Big Love
57.2%
B.J. and the Bear
52.3%
Battlestar Galactica
51.8%
Burn Notice
46.9%
Buck Rogers and the 25th Century
40.7%
Buffalo Bill
37.9%
The Bill Engvall Show
35.6%
The Bernie Mac Show
30%
Burke's Law
29.2%
Being Human
29%
The Boondocks
21.4%
Remove Ads.
Support Sporcle.
Get the best of Sporcle when you Go Orange. This ad-free experience offers more features, more stats, and more fun while also helping to support Sporcle. Thank you for becoming a member.

You're not logged in!

Compare scores with friends on all Sporcle quizzes.
OR
Log In

Show Comments

Extras

Top Quizzes Today


Score Distribution

Your Account Isn't Verified!

In order to create a playlist on Sporcle, you need to verify the email address you used during registration. Go to your Sporcle Settings to finish the process.

Report this User

Report this user for behavior that violates our Community Guidelines.

Details: